Overwatch Characters - Statistics

General Stats
  • This quiz has been taken 397 times
  • The average score is 18 of 21
Answer Stats
Hint Answer % Correct
Support Mercy
94%
Tank D.Va
92%
Offence Genji
92%
Defence Hanzo
92%
Support Lucio
91%
Offence Tracer
91%
Tank Roadhog
90%
Defence Junkrat
89%
Offence Reaper
89%
Offence Soldier 76
89%
Defence Widowmaker
89%
Defence Bastion
87%
Offence McCree
87%
Tank Reinhardt
87%
Tank Winston
87%
Support Zenyatta
87%
Tank Zarya
85%
Defence Mei
83%
Defence Torbjorn
83%
Offence Pharah
82%
Support Symmetra
81%
No matching quizzes found
Score Distribution
Percent of People with Each Score
Percentile by Number Answered
Your Score History
You have not taken this quiz